000 00703nam a2200217Ia 4500
005 20241129110927.0
008 241129s9999||||xx |||||||||||||| ||und||
020 _a978-93-85539-21-3
037 _aTB
040 _aCRL
_bhin
_cCRL
041 _ahin
_2hin
084 _aQ1:g 152Q6
_qCRL
100 _aसुधीर कुमार, संपा.
245 0 _aवेदा› विमर्श
_cसुधीर कुमार, संपा.
260 _aदिल्ली, भारत
_bविद्यानिधि प्रकाशन
_c2016
300 _a296पृ0
365 _aINR
_b695
650 _aReligion
942 _cTB
_hQ1:g 152Q6
999 _c1228137
_d1228137